| 000 | 00594nam a2200181Ia 4500 | ||
|---|---|---|---|
| 003 | IN-BaIIA | ||
| 008 | 211028s9999 xx 000 0 eng d | ||
| 040 | _cIIA Library | ||
| 080 |
_a624 _bPAN |
||
| 100 |
_aPande, G. N. _99650 |
||
| 245 | 0 |
_aDesign of hydraulic structures with high yield strength deformed bars _cPande, G. N. And R. Chandra |
|
| 260 |
_aCalcutta _bTor-Steel Reseasrch Foundation in India _c1977 |
||
| 300 | _a79p. | ||
| 650 |
_aCivil engineering _95496 |
||
| 650 | _aNASA Thesaurus | ||
| 700 |
_aChandra, R. _99651 |
||
| 942 | _cBK | ||
| 999 |
_c5549 _d5549 |
||